000 00926nam a2200289 c 4500
003 BLK
005 20191213145048.0
008 180408b bul|||||r ||||||| ||bul||
010 _aKNG00057153000
020 _a954-607-658-9
_bиздат.: ЛИК
040 _aBLK
041 _aBUL
_cBUL
080 _aБългарска литература
_b821.163.2
_x-32
_z821.163.2-32
700 1 _aПапаро, Аврам
_e*
_9284934
100 1 _aПапаро, Аврам Яко
_eпърви автор
_9284935
139 _aПапаро, Аврам
_bП 21
245 1 0 _aПрезапис 2
_c* Аврам Папаро; Аврам Яко Папаро.
257 _aBGR
260 София
_bЛИК
_c2004
_fСофия : ЛИК
300 _a160 с.
_c20 см
380 _aX
852 _aЦб 225470
856 4 _qpdf
_u
856 4 _qpdf
_u
942 _cKNG
_n0
_01
944 _aCR
_c19.12.2005
_kВиолета_Тройчева
944 _aED
_c27.05.2014
_k
999 _c53218
_d53218